| 000 | 01313nam a2200121Ia 4500 | ||
|---|---|---|---|
| 008 | 220615s9999||||xx |||||||||||||| ||und|| | ||
| 245 | 0 |
_aCast Irons _bProperties and Applications |
|
| 546 | _aEnglish[eng] | ||
| 650 | _aboundary element method (BEM)||periodic boundary conditions||representative volume elements (RVEs)||effective elastic properties||homogenization||lamellar graphite iron||ultimate tensile strength||primary austenite||gravity casting process simulation||nodular cast iron||effective Young’s modulus||computational homogenization||multiscale numerical methods||micro-CT||finite elements||n/a||silicon solution strengthened ferritic ductile iron||thickness||solidification time||microstructure||mechanical properties||fatigue||thermal analysis||weldability||pre-heating||spheroidal graphite cast iron||ductile cast irons||tensile tests||plasticity modelling||compacted graphite iron||minimum quantity lubrication (MQL)||drilling machinability||dry machining||ductile iron||cooling rate||segregation||cast iron||high-chromium||abrasive wear||niobium alloying||high chromium cast irons||eutectic carbide||carbide volume fraction||chemical composition||image analysis||simulation||MatCalc||hardness | ||
| 700 | _aFerro, Paolo | ||
| 856 | _uhttps://mdpi.com/books/pdfview/book/2906 | ||
| 942 | _cEB | ||
| 999 |
_c10522 _d10522 |
||